| 000 | 00410nam a2200097Ia 4500 | ||
|---|---|---|---|
| 008 | 180130s9999 xx 000 0 und d | ||
| 245 |
_cFitton, Victoria A. _aAttachment theory: history, research, and practice |
||
| 260 | _c2013 | ||
| 300 | _aBook title: Child and adolescent psychotherapy and psychoanalysis : one hundred years after 'Little Hans'--Acession number C17211; pages 121-143 | ||
| 650 | _aPSYCHOTHERAPY | ||
| 999 |
_c354021 _d354021 |
||